000 00685nam a2200217Ii 4500
003 JO-AjNU
008 230605s9999||||xx |||||||||||||| ||und||
017 _a2006/1723
020 _a977-5433-96-7
040 _aJO-AjNU
_bara
_erda
_cJO-AjNU
041 _aara
050 1 4 _aHF5438.4.M87.2006
100 3 _aالمرسي،جمال الدين محمد,
_eauthor
_932721
245 0 0 _aادارة فرق البيع=Managing Sales Teams
264 3 1 _aالاسكندرية:الدار الجامعية؛2006
300 _a117ص
336 _atext
_btxt
_2rdacontent
337 _aunmediated
_bn
_2rdamedia
338 _avolume
_bnc
_2rdacarrier
650 4 _aالبيع-ادارة
_932722
999 _aA13243
_c16811
_d16811